Phát triển khách hàng tinh gọn = Lean customer development
Phát triển khách hàng là yếu tố quan trọng để thành công nhưng thường bị xem nhẹ. Cuốn sách này cho bạn biết điều nên làm, cách làm và tại sao nên làm như vậy, nhờ đó bạn sẽ giảm thiểu được rủi ro và tiến bước trong quá trình đi từ ý tu...
Guardado en:
| Autor principal: | |
|---|---|
| Otros Autores: | |
| Formato: | Libro |
| Lenguaje: | Vietnamese |
| Publicado: |
H.
Công thương
2018
|
| Materias: | |
| Etiquetas: |
Agregar Etiqueta
Sin Etiquetas, Sea el primero en etiquetar este registro!
|
| Thư viện lưu trữ: | Thư viện Trường Đại học Nam Cần Thơ |
|---|
| LEADER | 01198nam a22002057a 4500 | ||
|---|---|---|---|
| 001 | NCT_82047 | ||
| 008 | 200617b xxu||||| |||| 00| 0 vie d | ||
| 999 | |c 4033 |d 4033 | ||
| 020 | |a 9786049314452 |c 159000 | ||
| 082 | 0 | 4 | |2 23rd ed. |a 658.834 |b A473 |
| 100 | 1 | |a Alvarez, Cindy | |
| 245 | 1 | 0 | |a Phát triển khách hàng tinh gọn = |b Lean customer development |c Cindy Alvarez; Thanh Mai (Dịch) |
| 260 | |a H. |b Công thương |c 2018 | ||
| 300 | |a 288 tr. |b Minh họa |c 24cm | ||
| 520 | 3 | |a Phát triển khách hàng là yếu tố quan trọng để thành công nhưng thường bị xem nhẹ. Cuốn sách này cho bạn biết điều nên làm, cách làm và tại sao nên làm như vậy, nhờ đó bạn sẽ giảm thiểu được rủi ro và tiến bước trong quá trình đi từ ý tưởng đến lợi nhuận. | |
| 653 | |a Quản trị kinh doanh | ||
| 700 | 0 | |a Thanh Mai |e Dịch | |
| 942 | |2 ddc |c BK | ||
| 952 | |0 0 |1 0 |2 ddc |4 0 |6 658_834000000000000_A473 |7 0 |9 19851 |a 000001 |b 000001 |d 2020-06-17 |o 658.834 A473 |p MD.17199 |r 2020-06-17 |v 159000.00 |w 2020-06-17 |y BK | ||
| 980 | |a Thư viện Trường Đại học Nam Cần Thơ | ||


